000 00835nam a2200229Ii 4500
003 JO-AjNU
008 230605s9999||||xx |||||||||||||| ||und||
017 _a2010/5/1509
020 _a978-9957-479-41-1
040 _aJO-AjNU
_bara
_erda
_cJO-AjNU
041 _aara
050 1 4 _aHD60 .K4242 2010
100 3 _aالخالدي، إبراهيم بدر شهاب,
_eauthor
_958497
245 0 0 _aالمسؤولية الأخلاقية والاجتماعية لمنظمات الاعمال المعاصرة
250 _aط1
264 3 1 _aعمان: دار الاعلام للنشر والتاوزيع،2010
300 _a119ص
336 _atext
_btxt
_2rdacontent
337 _aunmediated
_bn
_2rdamedia
338 _avolume
_bnc
_2rdacarrier
650 4 _aدارة الأعمال -- جوانب سلوكية وأخلاقية. 
_958498
999 _aA26272
_c29840
_d29840